000 00430nam a2200181Ia 4500
001 24715
005 20260414151101.0
008 260414t2015||||xx |||||||||||||| ||spa||
041 _aESP
082 _a345.726
_bM44
100 _aMesinas Montero, Federico
_eAUT
245 0 _aEjecución de sentencia
_b
260 _c2015
300 _a189 páginas :
_c24 cm.
650 _aDER
654 _aCDE
942 _cLIB
_dJUS
_fJUS
_2ddc
_n
999 _c24715
_d24715